Red Dead Redemption 2 Antagonists - Statistics

General Stats
  • This quiz has been taken 150 times
  • The average score is 6 of 9
Answer Stats
Initials Antagonists % Correct
MB Micah Bell
88%
COD Colm O'Driscoll
83%
AM Andrew Milton
82%
ER Edgar Ross
76%
AB Angelo Bronte
68%
CB Catherine Braithwaite
53%
LG Leah Gray
53%
AF Alberto Fussar
40%
HF Henry Favours
23%
No matching quizzes found
Score Distribution
Percent of People with Each Score
Percentile by Number Answered
Your Score History
You have not taken this quiz